Losowy punkt na lądzie do kraju - Statystyki

Ogólne statystyki
  • Ten quiz został rozwiązany 300 razy
  • Średni wynik to 15 z 20
Odpowiedzi na mapie
Odpowiedzi zakodowano w zielono-czerwonej skali na mapie do tego quizu, zgodnie z poniższymi procentami.
 
Statystyki odpowiedzi
kraj % Poprawnych
Afganistan
100%
Albania
100%
Algieria
100%
Algieria
100%
Algieria
100%
Algieria
100%
Algieria
100%
Algieria
100%
Algieria
100%
Algieria
100%
Algieria
100%
Algieria
100%
Angola
100%
Arabia Saudyjska
100%
Arabia Saudyjska
100%
Arabia Saudyjska
100%
Arabia Saudyjska
100%
Argentyna
100%
Argentyna
100%
Argentyna
100%
Argentyna
100%
Argentyna
100%
Argentyna
100%
Argentyna
100%
Argentyna
100%
Argentyna
100%
Argentyna
100%
Argentyna
100%
Argentyna
100%
Argentyna
100%
Argentyna
100%
Australia
100%
Australia
100%
Australia
100%
Australia
100%
Australia
100%
Australia
100%
Australia
100%
Australia
100%
Australia
100%
Australia
100%
Australia
100%
Australia
100%
Australia
100%
Australia
100%
Australia
100%
Australia
100%
Australia
100%
Australia
100%
Australia
100%
Australia
100%
Australia
100%
Australia
100%
Australia
100%
Australia
100%
Australia
100%
Australia
100%
Australia
100%
Australia
100%
Australia
100%
Australia
100%
Australia
100%
Australia
100%
Australia
100%
Australia
100%
Australia
100%
Australia
100%
Australia
100%
Australia
100%
Australia
100%
Australia
100%
Australia
100%
Azerbejdżan
100%
Bahrajn
100%
Bangladesz
100%
Bangladesz
100%
Białoruś
100%
Boliwia
100%
Boliwia
100%
Boliwia
100%
Botswana
100%
Botswana
100%
Botswana
100%
Brazylia
100%
Brazylia
100%
Brazylia
100%
Brazylia
100%
Brazylia
100%
Brazylia
100%
Brazylia
100%
Brazylia
100%
Brazylia
100%
Brazylia
100%
Brazylia
100%
Brazylia
100%
Brazylia
100%
Brazylia
100%
Brazylia
100%
Brazylia
100%
Brazylia
100%
Brazylia
100%
Brazylia
100%
Brazylia
100%
Brazylia
100%
Brazylia
100%
Brazylia
100%
Brazylia
100%
Brazylia
100%
Brazylia
100%
Brazylia
100%
Brazylia
100%
Brazylia
100%
Brazylia
100%
Brazylia
100%
Brazylia
100%
Brazylia
100%
Brazylia
100%
Brazylia
100%
Brazylia
100%
Brazylia
100%
Brazylia
100%
Brazylia
100%
Brazylia
100%
Brazylia
100%
Brazylia
100%
Brazylia
100%
Brazylia
100%
Brazylia
100%
Brazylia
100%
Brazylia
100%
Brazylia
100%
Chile
100%
Chile
100%
Chile
100%
Chile
100%
Chile
100%
Chiny
100%
Chiny
100%
Chiny
100%
Chiny
100%
Chiny
100%
Chiny
100%
Chiny
100%
Chiny
100%
Chiny
100%
Chiny
100%
Chiny
100%
Chiny
100%
Chiny
100%
Chiny
100%
Chiny
100%
Chiny
100%
Chiny
100%
Chiny
100%
Chiny
100%
Chiny
100%
Chiny
100%
Chiny
100%
Chiny
100%
Chiny
100%
Chiny
100%
Chiny
100%
Chiny
100%
Chiny
100%
Chiny
100%
Chiny
100%
Chiny
100%
Chiny
100%
Chiny
100%
Chiny
100%
Chiny
100%
Chiny
100%
Chiny
100%
Chiny
100%
Chiny
100%
Chiny
100%
Chiny
100%
Chiny
100%
Chiny
100%
Chiny
100%
Chiny
100%
Chiny
100%
Chiny
100%
Chiny
100%
Chiny
100%
Chiny
100%
Chiny
100%
Czad
100%
Czad
100%
Czad
100%
Czad
100%
Czechy
100%
Czechy
100%
Dania
100%
Dania
100%
Dania
100%
Dania
100%
Dania
100%
Dania
100%
Dania
100%
Dania
100%
Dania
100%
Dania
100%
Dania
100%
Dania
100%
Dania
100%
Dania
100%
Dania
100%
Dania
100%
Dania
100%
Dania
100%
Dania
100%
Dania
100%
Dania
100%
Dania
100%
Dania
100%
Dania
100%
Dania
100%
Dania
100%
Dania
100%
Dania
100%
Demokratyczna Republika Konga
100%
Egipt
100%
Egipt
100%
Egipt
100%
Erytrea
100%
Estonia
100%
Estonia
100%
Etiopia
100%
Etiopia
100%
Etiopia
100%
Etiopia
100%
Etiopia
100%
Fidżi
100%
Filipiny
100%
Filipiny
100%
Filipiny
100%
Filipiny
100%
Filipiny
100%
Filipiny
100%
Finlandia
100%
Finlandia
100%
Finlandia
100%
Finlandia
100%
Finlandia
100%
Francja
100%
Francja
100%
Francja
100%
Ghana
100%
Grecja
100%
Grecja
100%
Grecja
100%
Gruzja
100%
Gujana
100%
Gwatemala
100%
Hiszpania
100%
Hiszpania
100%
Hiszpania
100%
Hiszpania
100%
Hiszpania
100%
Holandia
100%
Indie
100%
Indie
100%
Indie
100%
Indie
100%
Indie
100%
Indie
100%
Indie
100%
Indie
100%
Indie
100%
Indie
100%
Indie
100%
Indie
100%
Indie
100%
Indie
100%
Indonezja
100%
Indonezja
100%
Indonezja
100%
Indonezja
100%
Indonezja
100%
Indonezja
100%
Indonezja
100%
Indonezja
100%
Indonezja
100%
Indonezja
100%
Indonezja
100%
Indonezja
100%
Indonezja
100%
Indonezja
100%
Indonezja
100%
Indonezja
100%
Indonezja
100%
Iran
100%
Iran
100%
Iran
100%
Iran
100%
Iran
100%
Iran
100%
Irlandia
100%
Izrael
100%
Japonia
100%
Japonia
100%
Japonia
100%
Japonia
100%
Jemen
100%
Jemen
100%
Jemen
100%
Kanada
100%
Kanada
100%
Kanada
100%
Kanada
100%
Kanada
100%
Kanada
100%
Kanada
100%
Kanada
100%
Kanada
100%
Kanada
100%
Kanada
100%
Kanada
100%
Kanada
100%
Kanada
100%
Kanada
100%
Kanada
100%
Kanada
100%
Kanada
100%
Kanada
100%
Kanada
100%
Kanada
100%
Kanada
100%
Kanada
100%
Kanada
100%
Kanada
100%
Kanada
100%
Kanada
100%
Kanada
100%
Kanada
100%
Kanada
100%
Kanada
100%
Kanada
100%
Kanada
100%
Kanada
100%
Kanada
100%
Kanada
100%
Kanada
100%
Kanada
100%
Kanada
100%
Kanada
100%
Kanada
100%
Kanada
100%
Kanada
100%
Kanada
100%
Kanada
100%
Kanada
100%
Kanada
100%
Kanada
100%
Kanada
100%
Kanada
100%
Kanada
100%
Kanada
100%
Kanada
100%
Kanada
100%
Kanada
100%
Kanada
100%
Kanada
100%
Kanada
100%
Kanada
100%
Kanada
100%
Kanada
100%
Kanada
100%
Kanada
100%
Kanada
100%
Kanada
100%
Kanada
100%
Kanada
100%
Kanada
100%
Kanada
100%
Kanada
100%
Kanada
100%
Kanada
100%
Kanada
100%
Kanada
100%
Kanada
100%
Kanada
100%
Kanada
100%
Kanada
100%
Kanada
100%
Kanada
100%
Kanada
100%
Kanada
100%
Kanada
100%
Kanada
100%
Kanada
100%
Kanada
100%
Kanada
100%
Kanada
100%
Kanada
100%
Kanada
100%
Kanada
100%
Kanada
100%
Kanada
100%
Kanada
100%
Kanada
100%
Kanada
100%
Kanada
100%
Kanada
100%
Kanada
100%
Kanada
100%
Kanada
100%
Kanada
100%
Kanada
100%
Kanada
100%
Kanada
100%
Kanada
100%
Kanada
100%
Kanada
100%
Kanada
100%
Kanada
100%
Kanada
100%
Kanada
100%
Kanada
100%
Kanada
100%
Kanada
100%
Kanada
100%
Kanada
100%
Kanada
100%
Kanada
100%
Kanada
100%
Kanada
100%
Kanada
100%
Kanada
100%
Kanada
100%
Kanada
100%
Kanada
100%
Kanada
100%
Kanada
100%
Kanada
100%
Kanada
100%
Kanada
100%
Kanada
100%
Kanada
100%
Kanada
100%
Katar
100%
Kazachstan
100%
Kazachstan
100%
Kazachstan
100%
Kazachstan
100%
Kazachstan
100%
Kazachstan
100%
Kazachstan
100%
Kazachstan
100%
Kazachstan
100%
Kenia
100%
Kirgistan
100%
Kolumbia
100%
Kolumbia
100%
Kolumbia
100%
Korea Północna
100%
Korea Południowa
100%
Korea Południowa
100%
Korea Południowa
100%
Korea Południowa
100%
Kostaryka
100%
Kuba
100%
Kuba
100%
Kuba
100%
Kuba
100%
Kuba
100%
Liberia
100%
Libia
100%
Libia
100%
Libia
100%
Libia
100%
Libia
100%
Libia
100%
Litwa
100%
Litwa
100%
Łotwa
100%
Łotwa
100%
Madagaskar
100%
Madagaskar
100%
Malawi
100%
Malawi
100%
Malezja
100%
Mali
100%
Mali
100%
Mali
100%
Mali
100%
Mali
100%
Malta
100%
Maroko
100%
Maroko
100%
Maroko
100%
Maroko
100%
Mauretania
100%
Mauretania
100%
Mauretania
100%
Mauretania
100%
Mauretania
100%
Meksyk
100%
Meksyk
100%
Meksyk
100%
Meksyk
100%
Meksyk
100%
Meksyk
100%
Meksyk
100%
Meksyk
100%
Meksyk
100%
Meksyk
100%
Meksyk
100%
Meksyk
100%
Meksyk
100%
Meksyk
100%
Meksyk
100%
Meksyk
100%
Meksyk
100%
Meksyk
100%
Meksyk
100%
Mjanma
100%
Mjanma
100%
Mjanma
100%
Mjanma
100%
Mongolia
100%
Mongolia
100%
Mongolia
100%
Mongolia
100%
Mongolia
100%
Mongolia
100%
Mongolia
100%
Mongolia
100%
Mongolia
100%
Mongolia
100%
Mongolia
100%
Mozambik
100%
Namibia
100%
Niemcy
100%
Niemcy
100%
Niemcy
100%
Niemcy
100%
Niger
100%
Niger
100%
Niger
100%
Niger
100%
Nigeria
100%
Nigeria
100%
Nigeria
100%
Norwegia
100%
Norwegia
100%
Norwegia
100%
Norwegia
100%
Norwegia
100%
Nowa Zelandia
100%
Nowa Zelandia
100%
Nowa Zelandia
100%
Oman
100%
Oman
100%
Oman
100%
Oman
100%
Pakistan
100%
Pakistan
100%
Pakistan
100%
Pakistan
100%
Palau
100%
Panama
100%
Panama
100%
Papua-Nowa Gwinea
100%
Papua-Nowa Gwinea
100%
Paragwaj
100%
Peru
100%
Peru
100%
Peru
100%
Peru
100%
Peru
100%
Peru
100%
Peru
100%
Polska
100%
Polska
100%
Polska
100%
Polska
100%
Polska
100%
Polska
100%
Polska
100%
Portugalia
100%
Portugalia
100%
Republika Południowej Afryki
100%
Republika Południowej Afryki
100%
Republika Południowej Afryki
100%
Republika Południowej Afryki
100%
Republika Południowej Afryki
100%
Republika Południowej Afryki
100%
Republika Południowej Afryki
100%
Republika Południowej Afryki
100%
Republika Południowej Afryki
100%
Republika Południowej Afryki
100%
Rosja
100%
Rosja
100%
Rosja
100%
Rosja
100%
Rosja
100%
Rosja
100%
Rosja
100%
Rosja
100%
Rosja
100%
Rosja
100%
Rosja
100%
Rosja
100%
Rosja
100%
Rosja
100%
Rosja
100%
Rosja
100%
Rosja
100%
Rosja
100%
Rosja
100%
Rosja
100%
Rosja
100%
Rosja
100%
Rosja
100%
Rosja
100%
Rosja
100%
Rosja
100%
Rosja
100%
Rosja
100%
Rosja
100%
Rosja
100%
Rosja
100%
Rosja
100%
Rosja
100%
Rosja
100%
Rosja
100%
Rosja
100%
Rosja
100%
Rosja
100%
Rosja
100%
Rosja
100%
Rosja
100%
Rosja
100%
Rosja
100%
Rosja
100%
Rosja
100%
Rosja
100%
Rosja
100%
Rosja
100%
Rosja
100%
Rosja
100%
Rosja
100%
Rosja
100%
Rosja
100%
Rosja
100%
Rosja
100%
Rosja
100%
Rosja
100%
Rosja
100%
Rosja
100%
Rosja
100%
Rosja
100%
Rosja
100%
Rosja
100%
Rosja
100%
Rosja
100%
Rosja
100%
Rosja
100%
Rosja
100%
Rosja
100%
Rosja
100%
Rosja
100%
Rosja
100%
Rosja
100%
Rosja
100%
Rosja
100%
Rosja
100%
Rosja
100%
Rosja
100%
Rosja
100%
Rosja
100%
Rosja
100%
Rosja
100%
Rosja
100%
Rosja
100%
Rosja
100%
Rosja
100%
Rosja
100%
Rosja
100%
Rosja
100%
Rosja
100%
Rosja
100%
Rosja
100%
Rosja
100%
Rosja
100%
Rosja
100%
Rosja
100%
Rosja
100%
Rosja
100%
Rosja
100%
Rosja
100%
Rosja
100%
Rosja
100%
Rosja
100%
Rosja
100%
Rosja
100%
Rosja
100%
Rosja
100%
Rosja
100%
Rosja
100%
Rosja
100%
Rosja
100%
Rosja
100%
Rosja
100%
Rosja
100%
Rosja
100%
Rosja
100%
Rosja
100%
Rosja
100%
Rosja
100%
Rosja
100%
Rosja
100%
Rosja
100%
Rosja
100%
Rosja
100%
Rosja
100%
Rosja
100%
Rosja
100%
Rosja
100%
Rosja
100%
Rosja
100%
Rosja
100%
Rosja
100%
Rosja
100%
Rosja
100%
Rosja
100%
Rosja
100%
Rosja
100%
Rosja
100%
Rosja
100%
Rosja
100%
Rosja
100%
Rosja
100%
Rosja
100%
Rosja
100%
Rosja
100%
Rosja
100%
Rosja
100%
Rosja
100%
Rosja
100%
Rosja
100%
Rosja
100%
Rosja
100%
Rosja
100%
Rosja
100%
Rosja
100%
Rosja
100%
Rosja
100%
Rosja
100%
Rosja
100%
Rosja
100%
Rosja
100%
Rosja
100%
Rosja
100%
Rosja
100%
Rosja
100%
Rosja
100%
Rosja
100%
Rosja
100%
Rosja
100%
Rosja
100%
Rosja
100%
Rosja
100%
Rosja
100%
Rosja
100%
Rosja
100%
Rosja
100%
Rosja
100%
Rosja
100%
Rosja
100%
Rosja
100%
Rosja
100%
Rosja
100%
Rosja
100%
Rosja
100%
Rosja
100%
Rosja
100%
Rosja
100%
Rosja
100%
Rosja
100%
Rosja
100%
Rosja
100%
Rosja
100%
Rosja
100%
Rosja
100%
Rosja
100%
Rosja
100%
Rosja
100%
Rosja
100%
Rosja
100%
Rosja
100%
Rosja
100%
Rosja
100%
Rosja
100%
Rosja
100%
Rosja
100%
Rosja
100%
Rosja
100%
Rosja
100%
Rosja
100%
Rosja
100%
Rosja
100%
Rosja
100%
Rosja
100%
Rosja
100%
Rumunia
100%
Samoa
100%
Słowenia
100%
Somalia
100%
Somalia
100%
Somalia
100%
Sri Lanka
100%
Stany Zjednoczone
100%
Stany Zjednoczone
100%
Stany Zjednoczone
100%
Stany Zjednoczone
100%
Stany Zjednoczone
100%
Stany Zjednoczone
100%
Stany Zjednoczone
100%
Stany Zjednoczone
100%
Stany Zjednoczone
100%
Stany Zjednoczone
100%
Stany Zjednoczone
100%
Stany Zjednoczone
100%
Stany Zjednoczone
100%
Stany Zjednoczone
100%
Stany Zjednoczone
100%
Stany Zjednoczone
100%
Stany Zjednoczone
100%
Stany Zjednoczone
100%
Stany Zjednoczone
100%
Stany Zjednoczone
100%
Stany Zjednoczone
100%
Stany Zjednoczone
100%
Stany Zjednoczone
100%
Stany Zjednoczone
100%
Stany Zjednoczone
100%
Stany Zjednoczone
100%
Stany Zjednoczone
100%
Stany Zjednoczone
100%
Stany Zjednoczone
100%
Stany Zjednoczone
100%
Stany Zjednoczone
100%
Stany Zjednoczone
100%
Stany Zjednoczone
100%
Stany Zjednoczone
100%
Stany Zjednoczone
100%
Stany Zjednoczone
100%
Stany Zjednoczone
100%
Stany Zjednoczone
100%
Stany Zjednoczone
100%
Stany Zjednoczone
100%
Stany Zjednoczone
100%
Stany Zjednoczone
100%
Stany Zjednoczone
100%
Stany Zjednoczone
100%
Stany Zjednoczone
100%
Stany Zjednoczone
100%
Stany Zjednoczone
100%
Stany Zjednoczone
100%
Stany Zjednoczone
100%
Stany Zjednoczone
100%
Stany Zjednoczone
100%
Stany Zjednoczone
100%
Stany Zjednoczone
100%
Stany Zjednoczone
100%
Stany Zjednoczone
100%
Stany Zjednoczone
100%
Stany Zjednoczone
100%
Stany Zjednoczone
100%
Stany Zjednoczone
100%
Stany Zjednoczone
100%
Stany Zjednoczone
100%
Stany Zjednoczone
100%
Stany Zjednoczone
100%
Stany Zjednoczone
100%
Stany Zjednoczone
100%
Stany Zjednoczone
100%
Stany Zjednoczone
100%
Stany Zjednoczone
100%
Stany Zjednoczone
100%
Stany Zjednoczone
100%
Stany Zjednoczone
100%
Stany Zjednoczone
100%
Stany Zjednoczone
100%
Stany Zjednoczone
100%
Stany Zjednoczone
100%
Stany Zjednoczone
100%
Stany Zjednoczone
100%
Stany Zjednoczone
100%
Stany Zjednoczone
100%
Stany Zjednoczone
100%
Stany Zjednoczone
100%
Stany Zjednoczone
100%
Stany Zjednoczone
100%
Stany Zjednoczone
100%
Stany Zjednoczone
100%
Stany Zjednoczone
100%
Stany Zjednoczone
100%
Stany Zjednoczone
100%
Stany Zjednoczone
100%
Stany Zjednoczone
100%
Stany Zjednoczone
100%
Stany Zjednoczone
100%
Stany Zjednoczone
100%
Stany Zjednoczone
100%
Sudan
100%
Sudan
100%
Sudan
100%
Sudan
100%
Sudan
100%
Sudan
100%
Sudan
100%
Sudan Południowy
100%
Sudan Południowy
100%
Sudan Południowy
100%
Sudan Południowy
100%
Surinam
100%
Szwajcaria
100%
Szwecja
100%
Szwecja
100%
Szwecja
100%
Szwecja
100%
Tajlandia
100%
Tanzania
100%
Tanzania
100%
Tunezja
100%
Tunezja
100%
Tunezja
100%
Turcja
100%
Turcja
100%
Turcja
100%
Turcja
100%
Turcja
100%
Turkmenistan
100%
Ukraina
100%
Ukraina
100%
Ukraina
100%
Ukraina
100%
Ukraina
100%
Urugwaj
100%
Uzbekistan
100%
Wenezuela
100%
Wenezuela
100%
Wenezuela
100%
Wenezuela
100%
Wielka Brytania
100%
Wielka Brytania
100%
Wielka Brytania
100%
Wielka Brytania
100%
Wietnam
100%
Wietnam
100%
Włochy
100%
Włochy
100%
Włochy
100%
Włochy
100%
Włochy
100%
Włochy
100%
Wyspy Marshalla
100%
Wyspy Świętego Tomasza i Książeca
100%
Zambia
100%
Zambia
100%
Zambia
100%
Zambia
100%
Zjednoczone Emiraty Arabskie
100%
Kanada
75%
Komory
75%
Szwecja
75%
Arabia Saudyjska
67%
Argentyna
67%
Australia
67%
Australia
67%
Dania
67%
Francja
67%
Kanada
67%
Kazachstan
67%
Kazachstan
67%
Kolumbia
67%
Kuba
67%
Libia
67%
Madagaskar
67%
Rosja
67%
Rosja
67%
Rosja
67%
Stany Zjednoczone
67%
Stany Zjednoczone
67%
Wenezuela
67%
Afganistan
50%
Algieria
50%
Algieria
50%
Angola
50%
Angola
50%
Arabia Saudyjska
50%
Argentyna
50%
Australia
50%
Australia
50%
Australia
50%
Benin
50%
Boliwia
50%
Brazylia
50%
Brazylia
50%
Brazylia
50%
Chile
50%
Chiny
50%
Chiny
50%
Chiny
50%
Chiny
50%
Chiny
50%
Chiny
50%
Chiny
50%
Chiny
50%
Chiny
50%
Chiny
50%
Cypr
50%
Czad
50%
Dania
50%
Dania
50%
Dania
50%
Dania
50%
Dania
50%
Dania
50%
Demokratyczna Republika Konga
50%
Etiopia
50%
Gambia
50%
Hiszpania
50%
Indie
50%
Indie
50%
Indie
50%
Indie
50%
Indie
50%
Indie
50%
Indonezja
50%
Indonezja
50%
Irak
50%
Iran
50%
Iran
50%
Iran
50%
Kamerun
50%
Kanada
50%
Kanada
50%
Kanada
50%
Kanada
50%
Kanada
50%
Kanada
50%
Kazachstan
50%
Kazachstan
50%
Kazachstan
50%
Kazachstan
50%
Kazachstan
50%
Kazachstan
50%
Kazachstan
50%
Kolumbia
50%
Kolumbia
50%
Kolumbia
50%
Korea Północna
50%
Libia
50%
Libia
50%
Madagaskar
50%
Mali
50%
Maroko
50%
Mongolia
50%
Mongolia
50%
Mozambik
50%
Namibia
50%
Nepal
50%
Niger
50%
Niger
50%
Niger
50%
Niger
50%
Nigeria
50%
Nikaragua
50%
Norwegia
50%
Nowa Zelandia
50%
Oman
50%
Oman
50%
Panama
50%
Rosja
50%
Rosja
50%
Rosja
50%
Rosja
50%
Rosja
50%
Rosja
50%
Rosja
50%
Rosja
50%
Rosja
50%
Rosja
50%
Rosja
50%
Rosja
50%
Rosja
50%
Rosja
50%
Rumunia
50%
Sri Lanka
50%
Stany Zjednoczone
50%
Stany Zjednoczone
50%
Stany Zjednoczone
50%
Stany Zjednoczone
50%
Stany Zjednoczone
50%
Stany Zjednoczone
50%
Sudan
50%
Surinam
50%
Surinam
50%
Tajlandia
50%
Tanzania
50%
Tanzania
50%
Trynidad i Tobago
50%
Tunezja
50%
Turcja
50%
Turkmenistan
50%
Ukraina
50%
Wenezuela
50%
Wielka Brytania
50%
Wielka Brytania
50%
Wietnam
50%
Wietnam
50%
Wietnam
50%
Wybrzeże Kości Słoniowej
50%
Afganistan
33%
Algieria
33%
Angola
33%
Australia
33%
Bahamy
33%
Brazylia
33%
Brazylia
33%
Indie
33%
Kamerun
33%
Namibia
33%
Niger
33%
Turcja
33%
Wenezuela
33%
Zimbabwe
33%
Mjanma
25%
Afganistan
0%
Afganistan
0%
Afganistan
0%
Afganistan
0%
Afganistan
0%
Afganistan
0%
Afganistan
0%
Afganistan
0%
Afganistan
0%
Afganistan
0%
Albania
0%
Algieria
0%
Algieria
0%
Algieria
0%
Algieria
0%
Algieria
0%
Algieria
0%
Algieria
0%
Algieria
0%
Algieria
0%
Algieria
0%
Algieria
0%
Algieria
0%
Algieria
0%
Algieria
0%
Algieria
0%
Algieria
0%
Algieria
0%
Algieria
0%
Algieria
0%
Algieria
0%
Algieria
0%
Algieria
0%
Algieria
0%
Algieria
0%
Algieria
0%
Algieria
0%
Algieria
0%
Algieria
0%
Andora
0%
Angola
0%
Angola
0%
Angola
0%
Angola
0%
Angola
0%
Angola
0%
Angola
0%
Angola
0%
Angola
0%
Angola
0%
Angola
0%
Angola
0%
Angola
0%
Angola
0%
Angola
0%
Angola
0%
Angola
0%
Antigua i Barbuda
0%
Antigua i Barbuda
0%
Arabia Saudyjska
0%
Arabia Saudyjska
0%
Arabia Saudyjska
0%
Arabia Saudyjska
0%
Arabia Saudyjska
0%
Arabia Saudyjska
0%
Arabia Saudyjska
0%
Arabia Saudyjska
0%
Arabia Saudyjska
0%
Arabia Saudyjska
0%
Arabia Saudyjska
0%
Arabia Saudyjska
0%
Arabia Saudyjska
0%
Arabia Saudyjska
0%
Arabia Saudyjska
0%
Arabia Saudyjska
0%
Arabia Saudyjska
0%
Arabia Saudyjska
0%
Arabia Saudyjska
0%
Arabia Saudyjska
0%
Arabia Saudyjska
0%
Arabia Saudyjska
0%
Arabia Saudyjska
0%
Arabia Saudyjska
0%
Arabia Saudyjska
0%
Arabia Saudyjska
0%
Arabia Saudyjska
0%
Arabia Saudyjska
0%
Argentyna
0%
Argentyna
0%
Argentyna
0%
Argentyna
0%
Argentyna
0%
Argentyna
0%
Argentyna
0%
Argentyna
0%
Argentyna
0%
Argentyna
0%
Argentyna
0%
Argentyna
0%
Argentyna
0%
Argentyna
0%
Argentyna
0%
Argentyna
0%
Argentyna
0%
Argentyna
0%
Argentyna
0%
Argentyna
0%
Argentyna
0%
Argentyna
0%
Argentyna
0%
Argentyna
0%
Argentyna
0%
Argentyna
0%
Argentyna
0%
Argentyna
0%
Argentyna
0%
Argentyna
0%
Argentyna
0%
Argentyna
0%
Argentyna
0%
Argentyna
0%
Argentyna
0%
Armenia
0%
Armenia
0%
Australia
0%
Australia
0%
Australia
0%
Australia
0%
Australia
0%
Australia
0%
Australia
0%
Australia
0%
Australia
0%
Australia
0%
Australia
0%
Australia
0%
Australia
0%
Australia
0%
Australia
0%
Australia
0%
Australia
0%
Australia
0%
Australia
0%
Australia
0%
Australia
0%
Australia
0%
Australia
0%
Australia
0%
Australia
0%
Australia
0%
Australia
0%
Australia
0%
Australia
0%
Australia
0%
Australia
0%
Australia
0%
Australia
0%
Australia
0%
Australia
0%
Australia
0%
Australia
0%
Australia
0%
Australia
0%
Australia
0%
Australia
0%
Australia
0%
Australia
0%
Australia
0%
Australia
0%
Australia
0%
Australia
0%
Australia
0%
Australia
0%
Australia
0%
Australia
0%
Australia
0%
Australia
0%
Australia
0%
Australia
0%
Australia
0%
Australia
0%
Australia
0%
Australia
0%
Australia
0%
Australia
0%
Australia
0%
Australia
0%
Australia
0%
Australia
0%
Australia
0%
Australia
0%
Australia
0%
Australia
0%
Australia
0%
Australia
0%
Australia
0%
Australia
0%
Australia
0%
Australia
0%
Australia
0%
Australia
0%
Australia
0%
Australia
0%
Australia
0%
Australia
0%
Australia
0%
Australia
0%
Australia
0%
Australia
0%
Australia
0%
Australia
0%
Australia
0%
Australia
0%
Austria
0%
Austria
0%
Austria
0%
Austria
0%
Azerbejdżan
0%
Azerbejdżan
0%
Azerbejdżan
0%
Bahamy
0%
Bahamy
0%
Bahamy
0%
Bangladesz
0%
Bangladesz
0%
Barbados
0%
Belgia
0%
Belgia
0%
Belize
0%
Benin
0%
Benin
0%
Benin
0%
Bhutan
0%
Białoruś
0%
Białoruś
0%
Białoruś
0%
Białoruś
0%
Białoruś
0%
Boliwia
0%
Boliwia
0%
Boliwia
0%
Boliwia
0%
Boliwia
0%
Boliwia
0%
Boliwia
0%
Boliwia
0%
Boliwia
0%
Boliwia
0%
Boliwia
0%
Boliwia
0%
Boliwia
0%
Boliwia
0%
Boliwia
0%
Boliwia
0%
Bośnia i Hercegowina
0%
Bośnia i Hercegowina
0%
Bośnia i Hercegowina
0%
Botswana
0%
Botswana
0%
Botswana
0%
Botswana
0%
Botswana
0%
Botswana
0%
Botswana
0%
Botswana
0%
Brazylia
0%
Brazylia
0%
Brazylia
0%
Brazylia
0%
Brazylia
0%
Brazylia
0%
Brazylia
0%
Brazylia
0%
Brazylia
0%
Brazylia
0%
Brazylia
0%
Brazylia
0%
Brazylia
0%
Brazylia
0%
Brazylia
0%
Brazylia
0%
Brazylia
0%
Brazylia
0%
Brazylia
0%
Brazylia
0%
Brazylia
0%
Brazylia
0%
Brazylia
0%
Brazylia
0%
Brazylia
0%
Brazylia
0%
Brazylia
0%
Brazylia
0%
Brazylia
0%
Brazylia
0%
Brazylia
0%
Brazylia
0%
Brazylia
0%
Brazylia
0%
Brazylia
0%
Brazylia
0%
Brazylia
0%
Brazylia
0%
Brazylia
0%
Brazylia
0%
Brazylia
0%
Brazylia
0%
Brazylia
0%
Brazylia
0%
Brazylia
0%
Brazylia
0%
Brazylia
0%
Brazylia
0%
Brazylia
0%
Brazylia
0%
Brazylia
0%
Brazylia
0%
Brazylia
0%
Brazylia
0%
Brazylia
0%
Brazylia
0%
Brazylia
0%
Brazylia
0%
Brazylia
0%
Brazylia
0%
Brazylia
0%
Brazylia
0%
Brazylia
0%
Brazylia
0%
Brazylia
0%
Brazylia
0%
Brazylia
0%
Brazylia
0%
Brazylia
0%
Brazylia
0%
Brazylia
0%
Brazylia
0%
Brazylia
0%
Brazylia
0%
Brazylia
0%
Brunei
0%
Bułgaria
0%
Bułgaria
0%
Bułgaria
0%
Bułgaria
0%
Burkina Faso
0%
Burkina Faso
0%
Burkina Faso
0%
Burkina Faso
0%
Burkina Faso
0%
Burundi
0%
Chile
0%
Chile
0%
Chile
0%
Chile
0%
Chile
0%
Chile
0%
Chile
0%
Chile
0%
Chile
0%
Chile
0%
Chile
0%
Chile
0%
Chile
0%
Chile
0%
Chile
0%
Chile
0%
Chile
0%
Chile
0%
Chiny
0%
Chiny
0%
Chiny
0%
Chiny
0%
Chiny
0%
Chiny
0%
Chiny
0%
Chiny
0%
Chiny
0%
Chiny
0%
Chiny
0%
Chiny
0%
Chiny
0%
Chiny
0%
Chiny
0%
Chiny
0%
Chiny
0%
Chiny
0%
Chiny
0%
Chiny
0%
Chiny
0%
Chiny
0%
Chiny
0%
Chiny
0%
Chiny
0%
Chiny
0%
Chiny
0%
Chiny
0%
Chiny
0%
Chiny
0%
Chiny
0%
Chiny
0%
Chiny
0%
Chiny
0%
Chiny
0%
Chiny
0%
Chiny
0%
Chiny
0%
Chiny
0%
Chiny
0%
Chiny
0%
Chiny
0%
Chiny
0%
Chiny
0%
Chiny
0%
Chiny
0%
Chiny
0%
Chiny
0%
Chiny
0%
Chiny
0%
Chiny
0%
Chiny
0%
Chiny
0%
Chiny
0%
Chiny
0%
Chiny
0%
Chiny
0%
Chiny
0%
Chiny
0%
Chiny
0%
Chiny
0%
Chiny
0%
Chiny
0%
Chiny
0%
Chiny
0%
Chiny
0%
Chiny
0%
Chiny
0%
Chiny
0%
Chiny
0%
Chiny
0%
Chiny
0%
Chiny
0%
Chiny
0%
Chiny
0%
Chiny
0%
Chiny
0%
Chiny
0%
Chiny
0%
Chiny
0%
Chiny
0%
Chiny
0%
Chiny
0%
Chiny
0%
Chiny
0%
Chiny
0%
Chiny
0%
Chiny
0%
Chiny
0%
Chiny
0%
Chiny
0%
Chiny
0%
Chiny
0%
Chiny
0%
Chiny
0%
Chiny
0%
Chiny
0%
Chiny
0%
Chiny
0%
Chiny
0%
Chiny
0%
Chiny
0%
Chiny
0%
Chiny
0%
Chiny
0%
Chiny
0%
Chiny
0%
Chiny
0%
Chiny
0%
Chiny
0%
Chiny
0%
Chiny
0%
Chiny
0%
Chiny
0%
Chiny
0%
Chiny
0%
Chiny
0%
Chiny
0%
Chiny
0%
Chiny
0%
Chiny
0%
Chiny
0%
Chiny
0%
Chiny
0%
Chiny
0%
Chiny
0%
Chiny
0%
Chiny
0%
Chiny
0%
Chorwacja
0%
Chorwacja
0%
Chorwacja
0%
Chorwacja
0%
Cypr
0%
Czad
0%
Czad
0%
Czad
0%
Czad
0%
Czad
0%
Czad
0%
Czad
0%
Czad
0%
Czad
0%
Czad
0%
Czad
0%
Czad
0%
Czad
0%
Czad
0%
Czad
0%
Czad
0%
Czad
0%
Czad
0%
Czarnogóra
0%
Czechy
0%
Czechy
0%
Dania
0%
Dania
0%
Dania
0%
Dania
0%
Dania
0%
Dania
0%
Dania
0%
Dania
0%
Dania
0%
Dania
0%
Dania
0%
Dania
0%
Dania
0%
Dania
0%
Dania
0%
Dania
0%
Dania
0%
Dania
0%
Dania
0%
Dania
0%
Dania
0%
Dania
0%
Dania
0%
Dania
0%
Dania
0%
Dania
0%
Dania
0%
Dania
0%
Dania
0%
Dania
0%
Dania
0%
Dania
0%
Dania
0%
Dania
0%
Dania
0%
Dania
0%
Dania
0%
Dania
0%
Dania
0%
Dania
0%
Dania
0%
Dania
0%
Dania
0%
Dania
0%
Dania
0%
Dania
0%
Dania
0%
Dania
0%
Dania
0%
Dania
0%
Dania
0%
Dania
0%
Dania
0%
Dania
0%
Dania
0%
Dania
0%
Dania
0%
Dania
0%
Dania
0%
Dania
0%
Demokratyczna Republika Konga
0%
Demokratyczna Republika Konga
0%
Demokratyczna Republika Konga
0%
Demokratyczna Republika Konga
0%
Demokratyczna Republika Konga
0%
Demokratyczna Republika Konga
0%
Demokratyczna Republika Konga
0%
Demokratyczna Republika Konga
0%
Demokratyczna Republika Konga
0%
Demokratyczna Republika Konga
0%
Demokratyczna Republika Konga
0%
Demokratyczna Republika Konga
0%
Demokratyczna Republika Konga
0%
Demokratyczna Republika Konga
0%
Demokratyczna Republika Konga
0%
Demokratyczna Republika Konga
0%
Demokratyczna Republika Konga
0%
Demokratyczna Republika Konga
0%
Demokratyczna Republika Konga
0%
Demokratyczna Republika Konga
0%
Demokratyczna Republika Konga
0%
Demokratyczna Republika Konga
0%
Demokratyczna Republika Konga
0%
Demokratyczna Republika Konga
0%
Demokratyczna Republika Konga
0%
Demokratyczna Republika Konga
0%
Demokratyczna Republika Konga
0%
Demokratyczna Republika Konga
0%
Demokratyczna Republika Konga
0%
Demokratyczna Republika Konga
0%
Demokratyczna Republika Konga
0%
Dominika
0%
Dominikana
0%
Dominikana
0%
Dżibuti
0%
Egipt
0%
Egipt
0%
Egipt
0%
Egipt
0%
Egipt
0%
Egipt
0%
Egipt
0%
Egipt
0%
Egipt
0%
Egipt
0%
Egipt
0%
Egipt
0%
Egipt
0%
Egipt
0%
Egipt
0%
Egipt
0%
Ekwador
0%
Ekwador
0%
Ekwador
0%
Ekwador
0%
Ekwador
0%
Ekwador
0%
Erytrea
0%
Erytrea
0%
Erytrea
0%
Erytrea
0%
Estonia
0%
Eswatini
0%
Etiopia
0%
Etiopia
0%
Etiopia
0%
Etiopia
0%
Etiopia
0%
Etiopia
0%
Etiopia
0%
Etiopia
0%
Etiopia
0%
Etiopia
0%
Fidżi
0%
Fidżi
0%
Filipiny
0%
Filipiny
0%
Filipiny
0%
Filipiny
0%
Filipiny
0%
Filipiny
0%
Filipiny
0%
Finlandia
0%
Finlandia
0%
Finlandia
0%
Finlandia
0%
Finlandia
0%
Finlandia
0%
Finlandia
0%
Finlandia
0%
Francja
0%
Francja
0%
Francja
0%
Francja
0%
Francja
0%
Francja
0%
Francja
0%
Francja
0%
Francja
0%
Francja
0%
Francja
0%
Francja
0%
Francja
0%
Francja
0%
Francja
0%
Francja
0%
Francja
0%
Francja
0%
Gabon
0%
Gabon
0%
Gabon
0%
Gabon
0%
Gabon
0%
Gambia
0%
Ghana
0%
Ghana
0%
Ghana
0%
Ghana
0%
Grecja
0%
Grecja
0%
Grecja
0%
Grenada
0%
Gruzja
0%
Gruzja
0%
Gujana
0%
Gujana
0%
Gujana
0%
Gujana
0%
Gwatemala
0%
Gwatemala
0%
Gwinea
0%
Gwinea
0%
Gwinea
0%
Gwinea
0%
Gwinea
0%
Gwinea Bissau
0%
Gwinea Bissau
0%
Gwinea Równikowa
0%
Gwinea Równikowa
0%
Haiti
0%
Haiti
0%
Haiti
0%
Hiszpania
0%
Hiszpania
0%
Hiszpania
0%
Hiszpania
0%
Hiszpania
0%
Hiszpania
0%
Hiszpania
0%
Hiszpania
0%
Hiszpania
0%
Hiszpania
0%
Hiszpania
0%
Hiszpania
0%
Holandia
0%
Holandia
0%
Holandia
0%
Holandia
0%
Honduras
0%
Honduras
0%
Honduras
0%
Indie
0%
Indie
0%
Indie
0%
Indie
0%
Indie
0%
Indie
0%
Indie
0%
Indie
0%
Indie
0%
Indie
0%
Indie
0%
Indie
0%
Indie
0%
Indie
0%
Indie
0%
Indie
0%
Indie
0%
Indie
0%
Indie
0%
Indie
0%
Indie
0%
Indie
0%
Indie
0%
Indie
0%
Indie
0%
Indie
0%
Indie
0%
Indie
0%
Indie
0%
Indie
0%
Indie
0%
Indie
0%
Indie
0%
Indie
0%
Indie
0%
Indie
0%
Indie
0%
Indie
0%
Indie
0%
Indie
0%
Indie
0%
Indonezja
0%
Indonezja
0%
Indonezja
0%
Indonezja
0%
Indonezja
0%
Indonezja
0%
Indonezja
0%
Indonezja
0%
Indonezja
0%
Indonezja
0%
Indonezja
0%
Indonezja
0%
Indonezja
0%
Indonezja
0%
Indonezja
0%
Indonezja
0%
Indonezja
0%
Indonezja
0%
Indonezja
0%
Indonezja
0%
Indonezja
0%
Indonezja
0%
Indonezja
0%
Indonezja
0%
Indonezja
0%
Indonezja
0%
Indonezja
0%
Indonezja
0%
Indonezja
0%
Indonezja
0%
Indonezja
0%
Irak
0%
Irak
0%
Irak
0%
Irak
0%
Irak
0%
Irak
0%
Irak
0%
Irak
0%
Irak
0%
Irak
0%
Iran
0%
Iran
0%
Iran
0%
Iran
0%
Iran
0%
Iran
0%
Iran
0%
Iran
0%
Iran
0%
Iran
0%
Iran
0%
Iran
0%
Iran
0%
Iran
0%
Iran
0%
Iran
0%
Iran
0%
Iran
0%
Iran
0%
Iran
0%
Iran
0%
Iran
0%
Iran
0%
Iran
0%
Irlandia
0%
Irlandia
0%
Islandia
0%
Islandia
0%
Islandia
0%
Islandia
0%
Islandia
0%
Islandia
0%
Izrael
0%
Izrael
0%
Jamajka
0%
Jamajka
0%
Japonia
0%
Japonia
0%
Japonia
0%
Japonia
0%
Japonia
0%
Japonia
0%
Japonia
0%
Japonia
0%
Japonia
0%
Japonia
0%
Jemen
0%
Jemen
0%
Jemen
0%
Jemen
0%
Jemen
0%
Jemen
0%
Jemen
0%
Jordania
0%
Jordania
0%
Jordania
0%
Kambodża
0%
Kambodża
0%
Kambodża
0%
Kamerun
0%
Kamerun
0%
Kamerun
0%
Kamerun
0%
Kamerun
0%
Kamerun
0%
Kamerun
0%
Kanada
0%
Kanada
0%
Kanada
0%
Kanada
0%
Kanada
0%
Kanada
0%
Kanada
0%
Kanada
0%
Kanada
0%
Kanada
0%
Kanada
0%
Kanada
0%
Kanada
0%
Kanada
0%
Kanada
0%
Kanada
0%
Kanada
0%
Kanada
0%
Kanada
0%
Kanada
0%
Kanada
0%
Kanada
0%
Kanada
0%
Kanada
0%
Kanada
0%
Kanada
0%
Kanada
0%
Kanada
0%
Kanada
0%
Kanada
0%
Kanada
0%
Kanada
0%
Kanada
0%
Kanada
0%
Kanada
0%
Kanada
0%
Kanada
0%
Kanada
0%
Kanada
0%
Kanada
0%
Kanada
0%
Kanada
0%
Kanada
0%
Kanada
0%
Kanada
0%
Kanada
0%
Kanada
0%
Kanada
0%
Kanada
0%
Kanada
0%
Kanada
0%
Kanada
0%
Kanada
0%
Kanada
0%
Kanada
0%
Kanada
0%
Kanada
0%
Kanada
0%
Kanada
0%
Kanada
0%
Kanada
0%
Kanada
0%
Kanada
0%
Kanada
0%
Kanada
0%
Kanada
0%
Kanada
0%
Kanada
0%
Kanada
0%
Kanada
0%
Kanada
0%
Kanada
0%
Kanada
0%
Kanada
0%
Kanada
0%
Kanada
0%
Kanada
0%
Kanada
0%
Kanada
0%
Kanada
0%
Kanada
0%
Kanada
0%
Kanada
0%
Kanada
0%
Kanada
0%
Kanada
0%
Kanada
0%
Kanada
0%
Kanada
0%
Kanada
0%
Kanada
0%
Kanada
0%
Kanada
0%
Kanada
0%
Kanada
0%
Kanada
0%
Kanada
0%
Kanada
0%
Kanada
0%
Kanada
0%
Kanada
0%
Kanada
0%
Kanada
0%
Kanada
0%
Kanada
0%
Kanada
0%
Kanada
0%
Kanada
0%
Kanada
0%
Kanada
0%
Kanada
0%
Kanada
0%
Kanada
0%
Kanada
0%
Kanada
0%
Kanada
0%
Kanada
0%
Kanada
0%
Kanada
0%
Kanada
0%
Kanada
0%
Kanada
0%
Kanada
0%
Kanada
0%
Kanada
0%
Kanada
0%
Kanada
0%
Kanada
0%
Kanada
0%
Kanada
0%
Kanada
0%
Kanada
0%
Kanada
0%
Kanada
0%
Kanada
0%
Kanada
0%
Kanada
0%
Kanada
0%
Kanada
0%
Kanada
0%
Kanada
0%
Kanada
0%
Kanada
0%
Kanada
0%
Kanada
0%
Kanada
0%
Kanada
0%
Kanada
0%
Kanada
0%
Kanada
0%
Kanada
0%
Kanada
0%
Kanada
0%
Kanada
0%
Kanada
0%
Kanada
0%
Kanada
0%
Kanada
0%
Kanada
0%
Kanada
0%
Kanada
0%
Kanada
0%
Kanada
0%
Kanada
0%
Kanada
0%
Kanada
0%
Kanada
0%
Kanada
0%
Kanada
0%
Kanada
0%
Kanada
0%
Kanada
0%
Kanada
0%
Kanada
0%
Kanada
0%
Kanada
0%
Kanada
0%
Kanada
0%
Kanada
0%
Kanada
0%
Kanada
0%
Kanada
0%
Kanada
0%
Kanada
0%
Kanada
0%
Kanada
0%
Kanada
0%
Kanada
0%
Kanada
0%
Kanada
0%
Kanada
0%
Kanada
0%
Kanada
0%
Kanada
0%
Kanada
0%
Kanada
0%
Katar
0%
Kazachstan
0%
Kazachstan
0%
Kazachstan
0%
Kazachstan
0%
Kazachstan
0%
Kazachstan
0%
Kazachstan
0%
Kazachstan
0%
Kazachstan
0%
Kazachstan
0%
Kazachstan
0%
Kazachstan
0%
Kazachstan
0%
Kazachstan
0%
Kazachstan
0%
Kazachstan
0%
Kazachstan
0%
Kazachstan
0%
Kazachstan
0%
Kazachstan
0%
Kazachstan
0%
Kazachstan
0%
Kazachstan
0%
Kazachstan
0%
Kazachstan
0%
Kazachstan
0%
Kazachstan
0%
Kazachstan
0%
Kazachstan
0%
Kazachstan
0%
Kazachstan
0%
Kazachstan
0%
Kazachstan
0%
Kazachstan
0%
Kazachstan
0%
Kazachstan
0%
Kazachstan
0%
Kazachstan
0%
Kazachstan
0%
Kazachstan
0%
Kazachstan
0%
Kazachstan
0%
Kazachstan
0%
Kazachstan
0%
Kazachstan
0%
Kazachstan
0%
Kazachstan
0%
Kazachstan
0%
Kazachstan
0%
Kazachstan
0%
Kazachstan
0%
Kazachstan
0%
Kazachstan
0%
Kenia
0%
Kenia
0%
Kenia
0%
Kenia
0%
Kenia
0%
Kenia
0%
Kenia
0%
Kenia
0%
Kenia
0%
Kenia
0%
Kirgistan
0%
Kirgistan
0%
Kirgistan
0%
Kirgistan
0%
Kirgistan
0%
Kiribati
0%
Kiribati
0%
Kiribati
0%
Kiribati
0%
Kolumbia
0%
Kolumbia
0%
Kolumbia
0%
Kolumbia
0%
Kolumbia
0%
Kolumbia
0%
Kolumbia
0%
Kolumbia
0%
Kolumbia
0%
Kolumbia
0%
Kolumbia
0%
Kolumbia
0%
Kolumbia
0%
Kongo
0%
Kongo
0%
Kongo
0%
Kongo
0%
Kongo
0%
Kongo
0%
Kongo
0%
Kongo
0%
Korea Północna
0%
Korea Północna
0%
Korea Północna
0%
Korea Północna
0%
Korea Południowa
0%
Kosowo
0%
Kostaryka
0%
Kuba
0%
Kuwejt
0%
Laos
0%
Laos
0%
Laos
0%
Laos
0%
Laos
0%
Laos
0%
Lesotho
0%
Liban
0%
Liberia
0%
Libia
0%
Libia
0%
Libia
0%
Libia
0%
Libia
0%
Libia
0%
Libia
0%
Libia
0%
Libia
0%
Libia
0%
Libia
0%
Libia
0%
Libia
0%
Libia
0%
Libia
0%
Libia
0%
Libia
0%
Libia
0%
Libia
0%
Libia
0%
Libia
0%
Libia
0%
Liechtenstein
0%
Litwa
0%
Litwa
0%
Łotwa
0%
Luksemburg
0%
Macedonia Północna
0%
Madagaskar
0%
Madagaskar
0%
Madagaskar
0%
Madagaskar
0%
Madagaskar
0%
Madagaskar
0%
Madagaskar
0%
Madagaskar
0%
Malawi
0%
Malediwy
0%
Malezja
0%
Malezja
0%
Malezja
0%
Malezja
0%
Malezja
0%
Mali
0%
Mali
0%
Mali
0%
Mali
0%
Mali
0%
Mali
0%
Mali
0%
Mali
0%
Mali
0%
Mali
0%
Mali
0%
Mali
0%
Mali
0%
Mali
0%
Mali
0%
Mali
0%
Maroko
0%
Maroko
0%
Maroko
0%
Maroko
0%
Maroko
0%
Maroko
0%
Maroko
0%
Maroko
0%
Maroko
0%
Maroko
0%
Maroko
0%
Mauretania
0%
Mauretania
0%
Mauretania
0%
Mauretania
0%
Mauretania
0%
Mauretania
0%
Mauretania
0%
Mauretania
0%
Mauretania
0%
Mauretania
0%
Mauretania
0%
Mauretania
0%
Mauretania
0%
Mauretania
0%
Mauretania
0%
Mauretania
0%
Mauretania
0%
Mauretania
0%
Mauritius
0%
Meksyk
0%
Meksyk
0%
Meksyk
0%
Meksyk
0%
Meksyk
0%
Meksyk
0%
Meksyk
0%
Meksyk
0%
Meksyk
0%
Meksyk
0%
Meksyk
0%
Meksyk
0%
Meksyk
0%
Meksyk
0%
Meksyk
0%
Meksyk
0%
Meksyk
0%
Meksyk
0%
Meksyk
0%
Meksyk
0%
Meksyk
0%
Meksyk
0%
Meksyk
0%
Mikronezja
0%
Mikronezja
0%
Mikronezja
0%
Mikronezja
0%
Mjanma
0%
Mjanma
0%
Mjanma
0%
Mjanma
0%
Mjanma
0%
Mjanma
0%
Mjanma
0%
Mjanma
0%
Mjanma
0%
Mjanma
0%
Mjanma
0%
Mołdawia
0%
Mołdawia
0%
Mołdawia
0%
Mongolia
0%
Mongolia
0%
Mongolia
0%
Mongolia
0%
Mongolia
0%
Mongolia
0%
Mongolia
0%
Mongolia
0%
Mongolia
0%
Mongolia
0%
Mongolia
0%
Mongolia
0%
Mongolia
0%
Mongolia
0%
Mongolia
0%
Mongolia
0%
Mongolia
0%
Mongolia
0%
Mongolia
0%
Mongolia
0%
Mozambik
0%
Mozambik
0%
Mozambik
0%
Mozambik
0%
Mozambik
0%
Mozambik
0%
Mozambik
0%
Mozambik
0%
Mozambik
0%
Mozambik
0%
Mozambik
0%
Mozambik
0%
Namibia
0%
Namibia
0%
Namibia
0%
Namibia
0%
Namibia
0%
Namibia
0%
Namibia
0%
Namibia
0%
Namibia
0%
Namibia
0%
Namibia
0%
Namibia
0%
Namibia
0%
Namibia
0%
Nauru
0%
Nepal
0%
Nepal
0%
Nepal
0%
Niemcy
0%
Niemcy
0%
Niemcy
0%
Niemcy
0%
Niemcy
0%
Niger
0%
Niger
0%
Niger
0%
Niger
0%
Niger
0%
Niger
0%
Niger
0%
Niger
0%
Niger
0%
Niger
0%
Niger
0%
Niger
0%
Nigeria
0%
Nigeria
0%
Nigeria
0%
Nigeria
0%
Nigeria
0%
Nigeria
0%
Nigeria
0%
Nigeria
0%
Nigeria
0%
Nigeria
0%
Nigeria
0%
Nigeria
0%
Nikaragua
0%
Nikaragua
0%
Nikaragua
0%
Norwegia
0%
Norwegia
0%
Norwegia
0%
Norwegia
0%
Norwegia
0%
Norwegia
0%
Norwegia
0%
Norwegia
0%
Norwegia
0%
Norwegia
0%
Norwegia
0%
Nowa Zelandia
0%
Nowa Zelandia
0%
Nowa Zelandia
0%
Nowa Zelandia
0%
Nowa Zelandia
0%
Nowa Zelandia
0%
Nowa Zelandia
0%
Oman
0%
Oman
0%
Oman
0%
Pakistan
0%
Pakistan
0%
Pakistan
0%
Pakistan
0%
Pakistan
0%
Pakistan
0%
Pakistan
0%
Pakistan
0%
Pakistan
0%
Pakistan
0%
Pakistan
0%
Pakistan
0%
Pakistan
0%
Pakistan
0%
Palau
0%
Panama
0%
Papua-Nowa Gwinea
0%
Papua-Nowa Gwinea
0%
Papua-Nowa Gwinea
0%
Papua-Nowa Gwinea
0%
Papua-Nowa Gwinea
0%
Papua-Nowa Gwinea
0%
Papua-Nowa Gwinea
0%
Papua-Nowa Gwinea
0%
Papua-Nowa Gwinea
0%
Papua-Nowa Gwinea
0%
Papua-Nowa Gwinea
0%
Papua-Nowa Gwinea
0%
Paragwaj
0%
Paragwaj
0%
Paragwaj
0%
Paragwaj
0%
Paragwaj
0%
Paragwaj
0%
Paragwaj
0%
Paragwaj
0%
Paragwaj
0%
Peru
0%
Peru
0%
Peru
0%
Peru
0%
Peru
0%
Peru
0%
Peru
0%
Peru
0%
Peru
0%
Peru
0%
Peru
0%
Peru
0%
Peru
0%
Peru
0%
Peru
0%
Peru
0%
Polska
0%
Polska
0%
Polska
0%
Polska
0%
Polska
0%
Portugalia
0%
Portugalia
0%
Portugalia
0%
Portugalia
0%
Portugalia
0%
Republika Południowej Afryki
0%
Republika Południowej Afryki
0%
Republika Południowej Afryki
0%
Republika Południowej Afryki
0%
Republika Południowej Afryki
0%
Republika Południowej Afryki
0%
Republika Południowej Afryki
0%
Republika Południowej Afryki
0%
Republika Południowej Afryki
0%
Republika Południowej Afryki
0%
Republika Południowej Afryki
0%
Republika Południowej Afryki
0%
Republika Południowej Afryki
0%
Republika Południowej Afryki
0%
Republika Środkowoafrykańska
0%
Republika Środkowoafrykańska
0%
Republika Środkowoafrykańska
0%
Republika Środkowoafrykańska
0%
Republika Środkowoafrykańska
0%
Republika Środkowoafrykańska
0%
Republika Środkowoafrykańska
0%
Republika Środkowoafrykańska
0%
Republika Środkowoafrykańska
0%
Republika Środkowoafrykańska
0%
Republika Środkowoafrykańska
0%
Republika Środkowoafrykańska
0%
Republika Zielonego Przylądka
0%
Republika Zielonego Przylądka
0%
Republika Zielonego Przylądka
0%
Rosja
0%
Rosja
0%
Rosja
0%
Rosja
0%
Rosja
0%
Rosja
0%
Rosja
0%
Rosja
0%
Rosja
0%
Rosja
0%
Rosja
0%
Rosja
0%
Rosja
0%
Rosja
0%
Rosja
0%
Rosja
0%
Rosja
0%
Rosja
0%
Rosja
0%
Rosja
0%
Rosja
0%
Rosja
0%
Rosja
0%
Rosja
0%
Rosja
0%
Rosja
0%
Rosja
0%
Rosja
0%
Rosja
0%
Rosja
0%
Rosja
0%
Rosja
0%
Rosja
0%
Rosja
0%
Rosja
0%
Rosja
0%
Rosja
0%
Rosja
0%
Rosja
0%
Rosja
0%
Rosja
0%
Rosja
0%
Rosja
0%
Rosja
0%
Rosja
0%
Rosja
0%
Rosja
0%
Rosja
0%
Rosja
0%
Rosja
0%
Rosja
0%
Rosja
0%
Rosja
0%
Rosja
0%
Rosja
0%
Rosja
0%
Rosja
0%
Rosja
0%
Rosja
0%
Rosja
0%
Rosja
0%
Rosja
0%
Rosja
0%
Rosja
0%
Rosja
0%
Rosja
0%
Rosja
0%
Rosja
0%
Rosja
0%
Rosja
0%
Rosja
0%
Rosja
0%
Rosja
0%
Rosja
0%
Rosja
0%
Rosja
0%
Rosja
0%
Rosja
0%
Rosja
0%
Rosja
0%
Rosja
0%
Rosja
0%
Rosja
0%
Rosja
0%
Rosja
0%
Rosja
0%
Rosja
0%
Rosja
0%
Rosja
0%
Rosja
0%
Rosja
0%
Rosja
0%
Rosja
0%
Rosja
0%
Rosja
0%
Rosja
0%
Rosja
0%
Rosja
0%
Rosja
0%
Rosja
0%
Rosja
0%
Rosja
0%
Rosja
0%
Rosja
0%
Rosja
0%
Rosja
0%
Rosja
0%
Rosja
0%
Rosja
0%
Rosja
0%
Rosja
0%
Rosja
0%
Rosja
0%
Rosja
0%
Rosja
0%
Rosja
0%
Rosja
0%
Rosja
0%
Rosja
0%
Rosja
0%
Rosja
0%
Rosja
0%
Rosja
0%
Rosja
0%
Rosja
0%
Rosja
0%
Rosja
0%
Rosja
0%
Rosja
0%
Rosja
0%
Rosja
0%
Rosja
0%
Rosja
0%
Rosja
0%
Rosja
0%
Rosja
0%
Rosja
0%
Rosja
0%
Rosja
0%
Rosja
0%
Rosja
0%
Rosja
0%
Rosja
0%
Rosja
0%
Rosja
0%
Rosja
0%
Rosja
0%
Rosja
0%
Rosja
0%
Rosja
0%
Rosja
0%
Rosja
0%
Rosja
0%
Rosja
0%
Rosja
0%
Rosja
0%
Rosja
0%
Rosja
0%
Rosja
0%
Rosja
0%
Rosja
0%
Rosja
0%
Rosja
0%
Rosja
0%
Rosja
0%
Rosja
0%
Rosja
0%
Rosja
0%
Rosja
0%
Rosja
0%
Rosja
0%
Rosja
0%
Rosja
0%
Rosja
0%
Rosja
0%
Rosja
0%
Rosja
0%
Rosja
0%
Rosja
0%
Rosja
0%
Rosja
0%
Rosja
0%
Rosja
0%
Rosja
0%
Rosja
0%
Rosja
0%
Rosja
0%
Rosja
0%
Rosja
0%
Rosja
0%
Rosja
0%
Rosja
0%
Rosja
0%
Rosja
0%
Rosja
0%
Rosja
0%
Rosja
0%
Rosja
0%
Rosja
0%
Rosja
0%
Rosja
0%
Rosja
0%
Rosja
0%
Rosja
0%
Rosja
0%
Rosja
0%
Rosja
0%
Rosja
0%
Rosja
0%
Rosja
0%
Rosja
0%
Rosja
0%
Rosja
0%
Rosja
0%
Rosja
0%
Rosja
0%
Rosja
0%
Rosja
0%
Rosja
0%
Rosja
0%
Rosja
0%
Rosja
0%
Rosja
0%
Rosja
0%
Rosja
0%
Rosja
0%
Rosja
0%
Rosja
0%
Rosja
0%
Rosja
0%
Rosja
0%
Rosja
0%
Rosja
0%
Rosja
0%
Rosja
0%
Rosja
0%
Rosja
0%
Rosja
0%
Rosja
0%
Rosja
0%
Rosja
0%
Rosja
0%
Rosja
0%
Rosja
0%
Rosja
0%
Rosja
0%
Rosja
0%
Rosja
0%
Rosja
0%
Rosja
0%
Rosja
0%
Rosja
0%
Rosja
0%
Rosja
0%
Rosja
0%
Rosja
0%
Rosja
0%
Rosja
0%
Rosja
0%
Rosja
0%
Rosja
0%
Rosja
0%
Rosja
0%
Rosja
0%
Rosja
0%
Rosja
0%
Rosja
0%
Rosja
0%
Rosja
0%
Rosja
0%
Rosja
0%
Rosja
0%
Rosja
0%
Rosja
0%
Rosja
0%
Rosja
0%
Rosja
0%
Rosja
0%
Rosja
0%
Rosja
0%
Rosja
0%
Rosja
0%
Rosja
0%
Rosja
0%
Rosja
0%
Rosja
0%
Rosja
0%
Rosja
0%
Rosja
0%
Rosja
0%
Rosja
0%
Rosja
0%
Rosja
0%
Rosja
0%
Rosja
0%
Rosja
0%
Rosja
0%
Rosja
0%
Rosja
0%
Rosja
0%
Rosja
0%
Rosja
0%
Rosja
0%
Rosja
0%
Rosja
0%
Rosja
0%
Rosja
0%
Rosja
0%
Rosja
0%
Rosja
0%
Rosja
0%
Rosja
0%
Rosja
0%
Rosja
0%
Rosja
0%
Rosja
0%
Rosja
0%
Rosja
0%
Rosja
0%
Rosja
0%
Rosja
0%
Rosja
0%
Rosja
0%
Rosja
0%
Rosja
0%
Rosja
0%
Rosja
0%
Rosja
0%
Rosja
0%
Rosja
0%
Rosja
0%
Rosja
0%
Rosja
0%
Rosja
0%
Rosja
0%
Rumunia
0%
Rumunia
0%
Rumunia
0%
Rumunia
0%
Rumunia
0%
Rwanda
0%
Saint Kitts i Nevis
0%
Saint Kitts i Nevis
0%
Saint Lucia
0%
Saint Vincent i Grenadyny
0%
Salwador
0%
Samoa
0%
San Marino
0%
Senegal
0%
Senegal
0%
Senegal
0%
Senegal
0%
Senegal
0%
Serbia
0%
Serbia
0%
Serbia
0%
Seszele
0%
Sierra Leone
0%
Sierra Leone
0%
Singapur
0%
Słowacja
0%
Słowacja
0%
Słowacja
0%
Słowenia
0%
Somalia
0%
Somalia
0%
Somalia
0%
Somalia
0%
Somalia
0%
Somalia
0%
Somalia
0%
Somalia
0%
Somalia
0%
Somalia
0%
Somalia
0%
Sri Lanka
0%
Stany Zjednoczone
0%
Stany Zjednoczone
0%
Stany Zjednoczone
0%
Stany Zjednoczone
0%
Stany Zjednoczone
0%
Stany Zjednoczone
0%
Stany Zjednoczone
0%
Stany Zjednoczone
0%
Stany Zjednoczone
0%
Stany Zjednoczone
0%
Stany Zjednoczone
0%
Stany Zjednoczone
0%
Stany Zjednoczone
0%
Stany Zjednoczone
0%
Stany Zjednoczone
0%
Stany Zjednoczone
0%
Stany Zjednoczone
0%
Stany Zjednoczone
0%
Stany Zjednoczone
0%
Stany Zjednoczone
0%
Stany Zjednoczone
0%
Stany Zjednoczone
0%
Stany Zjednoczone
0%
Stany Zjednoczone
0%
Stany Zjednoczone
0%
Stany Zjednoczone
0%
Stany Zjednoczone
0%
Stany Zjednoczone
0%
Stany Zjednoczone
0%
Stany Zjednoczone
0%
Stany Zjednoczone
0%
Stany Zjednoczone
0%
Stany Zjednoczone
0%
Stany Zjednoczone
0%
Stany Zjednoczone
0%
Stany Zjednoczone
0%
Stany Zjednoczone
0%
Stany Zjednoczone
0%
Stany Zjednoczone
0%
Stany Zjednoczone
0%
Stany Zjednoczone
0%
Stany Zjednoczone
0%
Stany Zjednoczone
0%
Stany Zjednoczone
0%
Stany Zjednoczone
0%
Stany Zjednoczone
0%
Stany Zjednoczone
0%
Stany Zjednoczone
0%
Stany Zjednoczone
0%
Stany Zjednoczone
0%
Stany Zjednoczone
0%
Stany Zjednoczone
0%
Stany Zjednoczone
0%
Stany Zjednoczone
0%
Stany Zjednoczone
0%
Stany Zjednoczone
0%
Stany Zjednoczone
0%
Stany Zjednoczone
0%
Stany Zjednoczone
0%
Stany Zjednoczone
0%
Stany Zjednoczone
0%
Stany Zjednoczone
0%
Stany Zjednoczone
0%
Stany Zjednoczone
0%
Stany Zjednoczone
0%
Stany Zjednoczone
0%
Stany Zjednoczone
0%
Stany Zjednoczone
0%
Stany Zjednoczone
0%
Stany Zjednoczone
0%
Stany Zjednoczone
0%
Stany Zjednoczone
0%
Stany Zjednoczone
0%
Stany Zjednoczone
0%
Stany Zjednoczone
0%
Stany Zjednoczone
0%
Stany Zjednoczone
0%
Stany Zjednoczone
0%
Stany Zjednoczone
0%
Stany Zjednoczone
0%
Stany Zjednoczone
0%
Stany Zjednoczone
0%
Stany Zjednoczone
0%
Stany Zjednoczone
0%
Stany Zjednoczone
0%
Stany Zjednoczone
0%
Stany Zjednoczone
0%
Stany Zjednoczone
0%
Stany Zjednoczone
0%
Stany Zjednoczone
0%
Stany Zjednoczone
0%
Stany Zjednoczone
0%
Stany Zjednoczone
0%
Stany Zjednoczone
0%
Stany Zjednoczone
0%
Stany Zjednoczone
0%
Stany Zjednoczone
0%
Stany Zjednoczone
0%
Stany Zjednoczone
0%
Stany Zjednoczone
0%
Stany Zjednoczone
0%
Stany Zjednoczone
0%
Stany Zjednoczone
0%
Stany Zjednoczone
0%
Stany Zjednoczone
0%
Stany Zjednoczone
0%
Stany Zjednoczone
0%
Stany Zjednoczone
0%
Stany Zjednoczone
0%
Stany Zjednoczone
0%
Stany Zjednoczone
0%
Stany Zjednoczone
0%
Stany Zjednoczone
0%
Stany Zjednoczone
0%
Stany Zjednoczone
0%
Stany Zjednoczone
0%
Stany Zjednoczone
0%
Stany Zjednoczone
0%
Stany Zjednoczone
0%
Stany Zjednoczone
0%
Stany Zjednoczone
0%
Stany Zjednoczone
0%
Stany Zjednoczone
0%
Stany Zjednoczone
0%
Stany Zjednoczone
0%
Stany Zjednoczone
0%
Stany Zjednoczone
0%
Stany Zjednoczone
0%
Stany Zjednoczone
0%
Stany Zjednoczone
0%
Stany Zjednoczone
0%
Stany Zjednoczone
0%
Stany Zjednoczone
0%
Stany Zjednoczone
0%
Stany Zjednoczone
0%
Stany Zjednoczone
0%
Stany Zjednoczone
0%
Stany Zjednoczone
0%
Stany Zjednoczone
0%
Stany Zjednoczone
0%
Stany Zjednoczone
0%
Stany Zjednoczone
0%
Stany Zjednoczone
0%
Sudan
0%
Sudan
0%
Sudan
0%
Sudan
0%
Sudan
0%
Sudan
0%
Sudan
0%
Sudan
0%
Sudan
0%
Sudan
0%
Sudan
0%
Sudan
0%
Sudan
0%
Sudan
0%
Sudan
0%
Sudan
0%
Sudan
0%
Sudan
0%
Sudan
0%
Sudan
0%
Sudan
0%
Sudan
0%
Sudan
0%
Sudan
0%
Sudan Południowy
0%
Sudan Południowy
0%
Sudan Południowy
0%
Sudan Południowy
0%
Sudan Południowy
0%
Sudan Południowy
0%
Sudan Południowy
0%
Sudan Południowy
0%
Syria
0%
Syria
0%
Syria
0%
Syria
0%
Syria
0%
Szwajcaria
0%
Szwajcaria
0%
Szwecja
0%
Szwecja
0%
Szwecja
0%
Szwecja
0%
Szwecja
0%
Szwecja
0%
Szwecja
0%
Szwecja
0%
Szwecja
0%
Szwecja
0%
Szwecja
0%
Szwecja
0%
Tadżykistan
0%
Tadżykistan
0%
Tadżykistan
0%
Tadżykistan
0%
Tadżykistan
0%
Tadżykistan
0%
Tajlandia
0%
Tajlandia
0%
Tajlandia
0%
Tajlandia
0%
Tajlandia
0%
Tajlandia
0%
Tajlandia
0%
Tajlandia
0%
Tajlandia
0%
Tajlandia
0%
Tajlandia
0%
Tajlandia
0%
Tajwan
0%
Tajwan
0%
Tajwan
0%
Tanzania
0%
Tanzania
0%
Tanzania
0%
Tanzania
0%
Tanzania
0%
Tanzania
0%
Tanzania
0%
Tanzania
0%
Tanzania
0%
Tanzania
0%
Tanzania
0%
Tanzania
0%
Tanzania
0%
Timor Wschodni
0%
Timor Wschodni
0%
Togo
0%
Togo
0%
Togo
0%
Tonga
0%
Trynidad i Tobago
0%
Tunezja
0%
Turcja
0%
Turcja
0%
Turcja
0%
Turcja
0%
Turcja
0%
Turcja
0%
Turcja
0%
Turcja
0%
Turcja
0%
Turcja
0%
Turcja
0%
Turcja
0%
Turcja
0%
Turcja
0%
Turcja
0%
Turcja
0%
Turkmenistan
0%
Turkmenistan
0%
Turkmenistan
0%
Turkmenistan
0%
Turkmenistan
0%
Turkmenistan
0%
Turkmenistan
0%
Turkmenistan
0%
Turkmenistan
0%
Turkmenistan
0%
Turkmenistan
0%
Turkmenistan
0%
Tuvalu
0%
Uganda
0%
Uganda
0%
Uganda
0%
Uganda
0%
Uganda
0%
Ukraina
0%
Ukraina
0%
Ukraina
0%
Ukraina
0%
Ukraina
0%
Ukraina
0%
Ukraina
0%
Ukraina
0%
Ukraina
0%
Ukraina
0%
Ukraina
0%
Urugwaj
0%
Urugwaj
0%
Urugwaj
0%
Uzbekistan
0%
Uzbekistan
0%
Uzbekistan
0%
Uzbekistan
0%
Uzbekistan
0%
Uzbekistan
0%
Uzbekistan
0%
Uzbekistan
0%
Uzbekistan
0%
Uzbekistan
0%
Uzbekistan
0%
Uzbekistan
0%
Uzbekistan
0%
Vanuatu
0%
Vanuatu
0%
Vanuatu
0%
Vanuatu
0%
Vanuatu
0%
Węgry
0%
Węgry
0%
Węgry
0%
Węgry
0%
Wenezuela
0%
Wenezuela
0%
Wenezuela
0%
Wenezuela
0%
Wenezuela
0%
Wenezuela
0%
Wenezuela
0%
Wenezuela
0%
Wenezuela
0%
Wenezuela
0%
Wenezuela
0%
Wenezuela
0%
Wielka Brytania
0%
Wielka Brytania
0%
Wielka Brytania
0%
Wielka Brytania
0%
Wielka Brytania
0%
Wielka Brytania
0%
Wielka Brytania
0%
Wielka Brytania
0%
Wielka Brytania
0%
Wielka Brytania
0%
Wietnam
0%
Wietnam
0%
Wietnam
0%
Wietnam
0%
Wietnam
0%
Włochy
0%
Włochy
0%
Włochy
0%
Włochy
0%
Włochy
0%
Wybrzeże Kości Słoniowej
0%
Wybrzeże Kości Słoniowej
0%
Wybrzeże Kości Słoniowej
0%
Wybrzeże Kości Słoniowej
0%
Wybrzeże Kości Słoniowej
0%
Wyspy Marshalla
0%
Wyspy Marshalla
0%
Wyspy Salomona
0%
Wyspy Salomona
0%
Wyspy Salomona
0%
Wyspy Salomona
0%
Wyspy Salomona
0%
Wyspy Salomona
0%
Wyspy Salomona
0%
Wyspy Salomona
0%
Wyspy Salomona
0%
Wyspy Świętego Tomasza i Książeca
0%
Zambia
0%
Zambia
0%
Zambia
0%
Zambia
0%
Zambia
0%
Zambia
0%
Zambia
0%
Zambia
0%
Zambia
0%
Zimbabwe
0%
Zimbabwe
0%
Zimbabwe
0%
Zimbabwe
0%
Zimbabwe
0%
Zimbabwe
0%
Zjednoczone Emiraty Arabskie
0%
Zjednoczone Emiraty Arabskie
0%
Nie znaleziono quizów pasujących do podanych kryteriów
Rozkład punktacji
Procent ludzi z każdym wynikiem
Percentyl według liczby udzielonych odpowiedzi
Twoja historia wyników
Nie rozwiązałeś tego quizu